000 00395nam a2200157Ia 4500
008 230711s9999||||xx |||||||||||||| ||und||
041 _aENG
082 _a677
_bSP-C
100 _aSpreckelmeyer,Kent F.
245 0 _aCreative design decisions
250 _a1st Ed.
260 _c1988
_aNew Delhi
_bVan Nostrand Reinhold Co.
650 _aArchitecture
700 _aKirk,Stephen J.
942 _cBK
999 _c3249
_d3249